MDQL
is popping MORE tags! Check the
thread
!
Quizzes
Events
Quiz Creation
Community
Videos
Private Events
Remove Ads
Sign In
Join for FREE
Feedback
Dark Mode
Quiz Categories
Sports
Geography
Music
Movies
Television
Just For Fun
Miscellaneous
History
Literature
Language
Science
Gaming
Entertainment
Religion
Holiday
For Kids
Quiz Lab
Recent
Popular Today
Quiz Kudos Today
Editor Picks
Curator Picks
Quizzes by...
Day
Popularity
Type
Ratings
Length
Year
Community
Subscriptions
Recent Discussions
Orange Saloon
Badges
Playlists
Quests
Create
Leaderboards
Showdown
Live 5
Trivia Bingo
Activity
Puzzle Library
Sporcle Events
Private Events
Virtual Trivia
Globe League
Become a Host
Pub Owners
SporcleCon
Opinionation
Our Games
Videos
Blog
Mobile Apps
Partnerships
Remove Ads and Go Orange
Feedback
Entertainment
Celebrity
Famous
Musical
Broadway
Show
Quote
Comic Books
Anime
Superhero
DC Comics
Marvel
Cartoons
Animation
Entertainment
Celebrity
Famous
Musical
Broadway
Show
Quote
Comic Books
Anime
Superhero
DC Comics
Marvel
Cartoons
Animation
Random Quiz
Search Sporcle
×
Quiz Lab
Quiz Lab
Entertainment
Slideshow
Type answers based on single images at one time
Type answers based on single images at one time
Slideshow
Best Score? Go Orange.
The Dark Knight Characters (Slideshow) Stats
Can you name the The Dark Knight Characters (Slideshow)?
By
JediKid
3m
26 Questions
93 Plays
93 Plays
93 Plays
Comments
Comments
Give Quiz Kudos
Give Quiz Kudos
-
- Ratings
hide this ad
Replay
Link that replays current quiz
Next Quiz
Link to next quiz in quiz playlist
You Got
0%
They Got
Avg Score
53%
Avg Friend Score
Upgrade to see
Score Distribution
Jump to the score distribution portion of the page
Score
0/26
Timer
03:00
0
Plays Today
% Correct
The Joker
98.9%
Alfred Pennyworth
98.9%
Harvey Dent
97.8%
Bruce Wayne
96.7%
James Gordon
94.6%
Jonathan Crane
92.4%
Lucius Fox
91.3%
Rachel Dawes
82.6%
Mayor
62%
Salvatore Maroni
60.9%
Barbara Gordon
54.3%
Anna Ramirez
52.2%
Coleman Reese
46.7%
% Correct
James Gordon, Jr.
42.4%
Michael Wuertz
41.3%
Lau
41.3%
Gambol
41.3%
Gillian B. Loeb
39.1%
Chechen
35.9%
Mike Engel
22.8%
Happy
21.7%
Grumpy
19.6%
Chuckles
17.4%
Gerald Stephens
16.3%
Dopey
15.2%
Wilmer Rossi
10.9%
Quiz Playlist
Details
Report
Send in Message
Add To Playlist
Slideshow:
Type answers based on single images at one time
Last Updated: Feb 16, 2017
Quiz Scoreboard
CHALLENGE
Sign Up to Join the Scoreboard
Show All
Scores
Hide
Comments
May contain spoilers
Recently Published
Street Fighter Characters
by Artimus82
Gaming
60s
9x9 Crossword: Cartoon Network
by jackfrog10
Miscellaneous
3m
College Basketball Coaching Resumes
by pancakes188
Sports
9m
More to Explore
Quiz From the Vault
Featured Blog Post
Where Did the Easter Bunny Come From?
hide this ad
You Might Also Like...
Tags
Character
dark
knight
Slideshow
Today's Top Quizzes in Entertainment
Browse Entertainment
hide this ad
Today's Top Quizzes in Slideshow
Browse Slideshow
Top Contributed Quizzes in Entertainment
1
7-to-1: DC Comics Villains
2
Marvel Characters Bunker
3
Eurovision 2023 Logic Puzzle
4
Dragon Ball Z: Goku's Fights in Order
5
Sorting Pictures: Villains
6
Criteria Quickie: Cartoon Taxonomy II
7
7-to-1: One Piece
8
Mini Trivia Sudoku: Musicals
9
Fictional Villains Letter U Blitz
10
Kamen Rider Motifs
Explore More
Trending Topics
NBA
Disney
Anime
Harry Potter
Marvel
Crossword
Kpop
The Office
Soccer
Song
Puzzle
NFL
Country
Pokémon
WWE
hide this ad
More By:
JediKid
Quiz
Plays
Rating
Category
Featured
Created
Top 100 Harry Potter Characters
2,880
3.17
Entertainment
Sep 1, 2016
Avengers: Infinity War Characters
2,403
1.86
Entertainment
May 19, 2016
Captain America: Civil War Characters by GIFs
1,549
3.42
Movies
May 12, 2016
190 MCU Characters by Screen Time
1,497
3.83
Movies
Apr 20, 2019
X-Men: Days of Future Past Character Posters
1,427
4.45
Entertainment
Jul 29, 2016
Go to Creator's Profile
Score Distribution
Quiz Creator Spotlight
JediKid
Follow
Send a Message
Quizzes Created
-
Created Quiz Play Count
-
More By This Creator
Popular Quizzes Today
1
Find the US States - No Outlines Minefield
2
Find the Countries of Europe - No Outlines Minefield
3
The Countries of the World
4
Find the US States
5
Risky Map Clicking: Biggest States A-Z
6
US States
7
Popular People in 1961
8
Movies - When Are They Set?
More Entertainment Quizzes
9 Fictional Nose Blowing Characters
Published
Trending Quizzes
Risky Map Clicking: Least Populous States A-Z
Countries of the World: 200 Million BC
1-10 Letter G Words
Risky Map Clicking: Next State Alphabetically
Adjectives in 80s TV Shows
Recently Updated
Leaping Animals
pecheneg
Reality TV Shows (A-Z)
bhenderson79
Rickey Henderson's Hall of Fame Teammates
pecheneg
Champions League XIs: Arsenal
pecheneg
Quick Pick: Celebrities in WWE's Hall of Fame
aduchscher
A-Z Keypad Blitz II
pecheneg
Multiple Oscar Actors
pecheneg
Mystery Phrase Blitz: Oscar 'Best Actors'
pecheneg
F. Scott Fitzgerald Novels
LTH
Pick 3 Villains
ddd62291
Trending Topics
Kpop
Disney
NBA
Marvel
Harry Potter
Crossword
Anime
WWE
Puzzle
Pokémon
Soccer
The Office
NFL
Song
Country
Your Account Isn't Verified!
In order to create a playlist on Sporcle, you need to verify the email address you used during registration. Go to your
Sporcle Settings
to finish the process.
Report this User
Report this user for behavior that violates our
Community Guidelines
.
Details:
Send Report
Go to the Sporcle.com Mobile Site →
Comments